Exkurzia ako konfrontácia teórie s praxou v oblasti komunálneho odpadového hospodárstva

Informácia o cieľoch a zámeroch exkurzie, ktorá sa konala v rámci predmetu Udržateľnosť prírodných zdrojov na Pedagogickom pracovisku Podnikovohospodárskej fakulty Košice.

Gespeichert in:
Bibliographische Detailangaben
1. Verfasser: Stričík, Michal, 1969-
Weitere Verfasser: Andrejovský, Pavol, 1975-
Format: Buchkapitel
Sprache:Slowakisch
Schlagworte:
Tags: Tag hinzufügen
Keine Tags, Fügen Sie das erste Tag hinzu!

MARC

LEADER 00000naa a2200000 4500
001 0227282
005 20240502073739.3
041 0 |a slo 
044 |a SK 
245 1 0 |a Exkurzia ako konfrontácia teórie s praxou v oblasti komunálneho odpadového hospodárstva  |c Michal Stričík, Pavol Andrejovský 
520 |a Informácia o cieľoch a zámeroch exkurzie, ktorá sa konala v rámci predmetu Udržateľnosť prírodných zdrojov na Pedagogickom pracovisku Podnikovohospodárskej fakulty Košice. 
610 2 0 |a hospodárstvo odpadové 
610 2 0 |a odpad komunálny 
610 2 0 |a vzdelávanie 
610 2 0 |a ochrana prostredia životného 
100 1 |a Stričík, Michal, 1969- 
700 1 |a Andrejovský, Pavol, 1975-